000 00341pam a2200157a 44500
008 230515b2012 xxu||||| |||| 00| 0 eng d
020 _aNULL
041 _aMARATHI
082 _a1
100 _aATHAVALE
245 _aDRUSHARTHA SHARIRAM
250 _a1
260 _aNULL
_bN.D.
_c2012
300 _a200
650 _aDRUSHARTHA SHARIRAM
999 _c497458
_d497458